Rugby Positions - Statistics

General Stats
  • This quiz has been taken 8,994 times
    8,992 since last reset
  • The average score is 13 of 15
Answer Stats
Hint Answer % Correct
1 Prop
96%
2 Hooker
95%
3 Prop
93%
4 Second Row
90%
5 Second Row
90%
6 Flanker
89%
7 Flanker
89%
9 Scrum Half
88%
10 Fly Half
87%
15 Full Back
84%
11 Winger
79%
14 Winger
76%
8 Number 8
73%
12 Center
65%
13 Center
65%
No matching quizzes found
Score Distribution
Percent of People with Each Score
Percentile by Number Answered
Your Score History
You have not taken this quiz since the last reset